Statistics for Korean Traditional Food&Drink&Sauce by Picture

Click here to take the quiz!

General Stats

  • This quiz has been taken 92 times
  • The average score is 7 of 13

Answer Stats

Answer% Correct
Kimchi
99%
Soju
89%
Bibimbap
84%
Kimbap
80%
Tteokbokki
68%
Bulgogi
64%
Gochujang
56%
Kimchi Jjigae
33%
Hoddeok (Hotteok)
28%
Doenjang Jjigae
21%
Doenjang
20%
Andong Jjimdak
12%
Makgeoli
9%

Score Distribution

Percentile by Number Answered

Percent of People with Each Score

Your Score History

You have not taken this quiz